| 000 | 00502pam a2200181 a 4500 | ||
|---|---|---|---|
| 020 |
_a07817300X4 _c614.90 |
||
| 041 |
_aeng _hNULL |
||
| 082 |
_a618.0425 _bBEN |
||
| 100 | _aBENRUBI, G . | ||
| 245 |
_aHAND BOOK OF OBSTETRICS & GYNAECOLOGY EMERGENCIES / _cNULL. _hTextual Documents |
||
| 250 |
_a2 / _b. |
||
| 260 |
_aNULL : _bLIPPINCOTT WILLIAMS & WILKINS , _c2001. |
||
| 300 |
_a447 : _bXIV ; _cNULL . |
||
| 365 | _a614.90 | ||
| 930 | _a1633 | ||
| 999 |
_c796169 _d796169 |
||
| 650 | _aOBST.GYNE | ||